| 000 | 00671cam a2200205 a 4500 | ||
|---|---|---|---|
| 001 | 000006138 | ||
| 005 | 20200929151939.0 | ||
| 008 | 900719s1983 sp 001 p spa | ||
| 020 | _a8400052803 | ||
| 040 |
_aDO-SdBNP _bspa _cBNPHU |
||
| 082 |
_a861.6 _bM971c |
||
| 100 | 1 |
_aMuñoz Callejero, José María, _d1908- _917267 |
|
| 240 | 1 | 0 |
_aSelections. _f1983 |
| 245 | 1 | 0 |
_aCalatayud, ciudad de las torres : _bPoemas / _cJosé María Munoz Callejero. |
| 260 |
_aZaragoza : _bInstitución "Fernando el Católico", _c[1983?]. |
||
| 300 |
_a86 p. ; _c25 cm. |
||
| 490 | 1 |
_aSan Jorge _vno. 33 |
|
| 650 | 4 |
_aPoesía española _9631 |
|
| 650 | 4 |
_aLiteratura española _ySIGLO XX _93326 |
|
| 999 |
_c5934 _d5934 |
||